Statistics for 40 Famous Landmarks Picture Quiz

Click here to take the quiz!

General Stats

  • This quiz has been taken 370 times
    (325 since last reset)
  • The average score is 24 of 40

Answer Stats

Answer% Correct
Eiffel Tower
99%
Statue of Liberty
97%
Great Wall Of China
94%
Big Ben
92%
Colosseum
92%
Taj Mahal
91%
The white house
87%
Leaning tower of Pisa
86%
Hollywood sign
85%
Grand Canyon
84%
Stonehenge
84%
Mount Everest
83%
Sydney opera house
83%
London eye
80%
Mount Fuji
78%
Machu piccu
77%
The Louvre
75%
Mount Rushmore
74%
Great barrier reef
73%
Easter Island
66%
Christ the Redeemer
65%
Tower bridge
64%
Buckingham palace
63%
Pyramid of Giza
59%
Atonium
54%
Victoria falls
52%
Mount kilimanjaro
50%
St Basil's Cathedral
46%
Brandenburg Gate
44%
The Shard
39%
Edinburgh castle
32%
Tokyo Tower
27%
Blue Lagoon
23%
Neuschwanstein Castle
22%
The Gherkin
18%
Acropolis of athens
17%
The Rockies
13%
Himeji castle
7%
the arches national park
5%
Gediminas' Tower
2%

Score Distribution

Percentile by Number Answered

Percent of People with Each Score

Your Score History

You have not taken this quiz since the last reset